Řezník a uzenář : biologie pro 1. a 2. ročník SOU /

Hlavní autor: Durych, Václav
Další autoři: Chvála, Jiří
Jazyk: Čeština
Vydáno: Praha : Sobotáles, 1997
Vydání: 5. přeprac. vyd.
Témata:
Fyzický popis: 117 s. ; il. 21 cm
Knihy
Uloženo v:
LEADER 01033nam a2200313 a 4500
001 000269178
003 CZ BrMZK
005 20260513133754.0
007 ta
008 980107s1997 xr f 000 0 cze d
015 |a cnb000296957 
020 |a 80-85920-43-3 
035 |a (OCoLC)38974417 
040 |a BOA001  |b cze 
080 |a 372.857(075.3)  |2 MRF 
080 |a 57(075.3)  |2 MRF 
100 1 |a Durych, Václav  |7 jk01023365  |4 aut 
245 1 0 |a Řezník a uzenář :  |b biologie pro 1. a 2. ročník SOU /  |c Václav Durych a Jiří Chvála 
250 |a 5. přeprac. vyd. 
260 |a Praha :  |b Sobotáles,  |c 1997 
300 |a 117 s. ;  |c 21 cm  |b il. 
504 |a Obsahuje bibliografii 
521 8 |a Určeno pro žáky 1. a 2. roč. SOU učeb. oboru řezník a uzenář 
653 0 |a biologie 
700 1 |a Chvála, Jiří  |4 aut 
910 |a BOA001  |b PK-0128.956 
964 |a Biologie  |x učebnice  |x školy střední 
990 |a BK 
996 7 |b 3119010437  |c PK-0128.956  |l MZK  |r Sklad / do 1 hodiny  |n 2  |p p.v.  |w 000269178  |u 000010  |a 1  |e BOA001  |j MZK50  |s A